000
00242nam a2200097Ia 4500
001
819684
005
20250826171817.0
008
250824s9999 xx 000 0 und d
245
0
_a
KARDAN KEDİ
_c
LINDA NEWBERY
260
_b
KIRMIZI KEDİ YAYINLARI
999
_c
819684
_d
819684